<?xml version="1.0" encoding="UTF-8"?>
<record
    xmlns:xsi="http://www.w3.org/2001/XMLSchema-instance"
    xsi:schemaLocation="http://www.loc.gov/MARC21/slim http://www.loc.gov/standards/marcxml/schema/MARC21slim.xsd"
    xmlns="http://www.loc.gov/MARC21/slim">

  <leader>00666nam a22002177a 4500</leader>
  <controlfield tag="003">UA-OsUOA</controlfield>
  <controlfield tag="001"> 118892 </controlfield>
  <controlfield tag="007">ta</controlfield>
  <controlfield tag="008">20160926b un ||||| |||| 00| 0 ukr d</controlfield>
  <datafield tag="100" ind1=" " ind2=" ">
    <subfield code="a">&#x41A;&#x43E;&#x441;&#x442;&#x44E;&#x447;&#x435;&#x43D;&#x43A;&#x43E; &#x41E;.</subfield>
  </datafield>
  <datafield tag="090" ind1=" " ind2=" ">
    <subfield code="a">908</subfield>
    <subfield code="b">&#x41A;72</subfield>
  </datafield>
  <datafield tag="942" ind1=" " ind2=" ">
    <subfield code="c">SA</subfield>
  </datafield>
  <datafield tag="040" ind1=" " ind2=" ">
    <subfield code="a">UA-OsUOA</subfield>
    <subfield code="b">ukr</subfield>
    <subfield code="c">UA-OsUOA</subfield>
    <subfield code="d">UA-OsUOA</subfield>
  </datafield>
  <datafield tag="245" ind1=" " ind2=" ">
    <subfield code="a">&#x406;&#x433;&#x43E;&#x440; &#x41F;&#x430;&#x441;&#x456;&#x447;&#x43D;&#x438;&#x43A;: &#x423; &#x43D;&#x430;&#x441; &#x43D;&#x430;&#x432;&#x447;&#x430;&#x44E;&#x442;&#x44C;&#x441;&#x44F; &#x43D;&#x430;&#x439;&#x43A;&#x440;&#x430;&#x449;&#x456; &#x441;&#x442;&#x443;&#x434;&#x435;&#x43D;&#x442;&#x438;, &#x44F;&#x43A;&#x456; &#x443; &#x43C;&#x430;&#x439;&#x431;&#x443;&#x442;&#x43D;&#x44C;&#x43E;&#x43C;&#x443; &#x441;&#x442;&#x430;&#x43D;&#x443;&#x442;&#x44C; &#x43F;&#x440;&#x43E;&#x432;&#x456;&#x434;&#x43D;&#x438;&#x43A;&#x430;&#x43C;&#x438; &#x443;&#x43A;&#x440;&#x430;&#x457;&#x43D;&#x441;&#x44C;&#x43A;&#x43E;&#x457; &#x43D;&#x430;&#x446;&#x456;&#x457;</subfield>
  </datafield>
  <datafield tag="300" ind1=" " ind2=" ">
    <subfield code="a">&#x421;.8</subfield>
  </datafield>
  <datafield tag="955" ind1=" " ind2=" ">
    <subfield code="a">0</subfield>
  </datafield>
  <datafield tag="041" ind1=" " ind2=" ">
    <subfield code="a">ukr</subfield>
  </datafield>
  <datafield tag="080" ind1=" " ind2=" ">
    <subfield code="a">908</subfield>
  </datafield>
  <datafield tag="773" ind1="0" ind2=" ">
    <subfield code="w">118890</subfield>
  </datafield>
  <datafield tag="650" ind1=" " ind2="7">
    <subfield code="a">908 &#x41A;&#x440;&#x430;&#x454;&#x437;&#x43D;&#x430;&#x432;&#x441;&#x442;&#x432;&#x43E;</subfield>
    <subfield code="2">UDC</subfield>
  </datafield>
  <datafield tag="999" ind1=" " ind2=" ">
    <subfield code="c">405200</subfield>
    <subfield code="d">405200</subfield>
  </datafield>
</record>
